[Event "Heraklion Gazi op 9th"]
[Site "Heraklion"]
[Date "2013.07.30"]
[Round "5"]
[White "Fakidis, Simos"]
[Black "Fragiadakis, Emanouel"]
[Result "1/2-1/2"]
[WhiteElo "1444"]
[BlackElo "1938"]
[PlyCount "88"]
[EventDate "2013.07.27"]
[EventType "swiss"]
[EventRounds "9"]
[EventCountry "GRE"]
[SourceTitle "CBM 155 Extra"]
[Source "ChessBase"]
[SourceDate "2013.08.26"]
[SourceVersion "1"]
[SourceVersionDate "2013.08.26"]
[SourceQuality "1"]

1. e4 c5 2. Nc3 e6 3. f4 Nc6 4. Nf3 Qc7 5. Nb5 Qb8 6. e5 a6 7. Nc3 d5 8. Be2 b5 9. a3 Qb6 10. 0-0 Nh6 11. Qe1 Nd4 12. Bd1 Bb7 13. Nxd4 cxd4 14. Nb1 d3+ 15. Kh1 Qc6 16. Bf3 dxc2 17. Nc3 Nf5 18. Bg4 Nd4 19. f5 Nxf5 20. Bxf5 exf5 21. d4 b4 22. axb4 Bxb4 23. Bd2 a5 24. Rxf5 0-0 25. Qc1 Qc4 26. Qxc2 Qxd4 27. Rd1 Bxc3 28. Bxc3 Qe4 29. Qf2 Bc8 30. Rf4 Qg6 31. Rxd5 a4 32. Rd6 Be6 33. Rf3 Rfc8 34. Rg3 Qb1+ 35. Qg1 Qa2 36. h3 Qb3 37. Qd4 Qc2 38. Rd3 h6 39. Qe4 Re8 40. Qf4 Qb1+ 41. Rd1 Qc2 42. Rc1 Qe2 43. Ra1 Qb5 44. Qd4 Reb8 1/2-1/2

[Event "Iraklio SOI op-A 8th"]
[Site "Iraklio"]
[Date "2013.05.10"]
[Round "6"]
[White "Fakidis, Simos"]
[Black "Margaritis, Georgios A"]
[Result "0-1"]
[WhiteElo "1439"]
[BlackElo "1523"]
[PlyCount "88"]
[EventDate "2013.05.06"]
[EventType "swiss"]
[EventRounds "7"]
[EventCountry "GRE"]
[SourceTitle "EXT 2024"]
[Source "ChessBase"]
[SourceDate "2023.10.10"]
[SourceVersion "1"]
[SourceVersionDate "2023.10.10"]
[SourceQuality "1"]

1. e4 d5 2. exd5 Nf6 3. d4 Nxd5 4. c4 Nb6 5. Nc3 g6 6. Nf3 Bg7 7. Be2 0-0 8. h3 Nc6 9. Be3 e5 10. dxe5 Nxe5 11. Qxd8 Rxd8 12. Nxe5 Bxe5 13. Rc1 Be6 14. b3 f5 15. Bg5 Re8 16. 0-0 Kg7 17. Bf3 c6 18. Rfe1 Nd7 19. Ne2 Bf7 20. Rcd1 Nf8 21. Bf4 Bxf4 22. Nxf4 Ne6 23. Nxe6+ Bxe6 24. Re2 Kf7 25. Kf1 Rad8 26. Ke1 Rxd1+ 27. Kxd1 Rd8+ 28. Rd2 Rd7 29. h4 Kf6 30. Rxd7 Bxd7 31. Kd2 f4 32. Kd3 Ke5 33. Be4 Bf5 34. f3 Bxe4+ 35. fxe4 c5 36. b4 b6 37. a3 a5 38. bxa5 bxa5 39. a4 h6 40. g3 fxg3 41. Ke3 g2 42. Kf2 Kxe4 43. Kxg2 Kf4 44. Kh3 h5 0-1

[Event "Iraklio SOI op-A 8th"]
[Site "Iraklio"]
[Date "2013.05.07"]
[Round "2"]
[White "Fakidis, Simos"]
[Black "Kourouyiannis, Fivos"]
[Result "1-0"]
[WhiteElo "1439"]
[BlackElo "1774"]
[PlyCount "85"]
[EventDate "2013.05.06"]
[EventType "swiss"]
[EventRounds "7"]
[EventCountry "GRE"]
[SourceTitle "EXT 2024"]
[Source "ChessBase"]
[SourceDate "2023.10.10"]
[SourceVersion "1"]
[SourceVersionDate "2023.10.10"]
[SourceQuality "1"]

1. e4 d6 2. d4 g6 3. Nf3 Nf6 4. Bd3 Bg7 5. Bg5 h6 6. Bh4 Bg4 7. Nbd2 g5 8. Bg3 Nh5 9. c3 Nxg3 10. hxg3 Nd7 11. Qb3 Nb6 12. 0-0-0 Qd7 13. Rde1 Bxf3 14. Nxf3 e6 15. d5 0-0-0 16. Bb5 c6 17. dxc6 bxc6 18. Ba6+ Kb8 19. a4 Ka8 20. a5 Nc8 21. Rd1 Qc7 22. Rhe1 Ne7 23. Nd4 Rb8 24. Qa4 Rhd8 25. f4 c5 26. Nf3 g4 27. Nd2 Qc6 28. Qxc6+ Nxc6 29. Nc4 d5 30. exd5 exd5 31. Ne3 d4 32. cxd4 cxd4 33. Nxg4 Rd7 34. Re2 Nxa5 35. Ne5 Nb3+ 36. Kb1 Re7 37. Bc4 Rb6 38. Bd5+ Reb7 39. Bxb7+ Kxb7 40. Nc4 Re6 41. Rxe6 fxe6 42. Kc2 Nc5 43. Ne5 1-0

[Event "Iraklio SOI op 7th"]
[Site "Iraklio"]
[Date "2013.01.03"]
[Round "3"]
[White "Fakidis, Simos"]
[Black "Moshovakis, Aggelos"]
[Result "0-1"]
[WhiteElo "1463"]
[BlackElo "1010"]
[PlyCount "78"]
[EventDate "2013.01.02"]
[EventType "swiss"]
[EventRounds "7"]
[EventCountry "GRE"]
[SourceTitle "EXT 2024"]
[Source "ChessBase"]
[SourceDate "2023.10.10"]
[SourceVersion "1"]
[SourceVersionDate "2023.10.10"]
[SourceQuality "1"]

1. e4 c5 2. Nc3 d6 3. f4 Nf6 4. Nf3 a6 5. Be2 b5 6. e5 dxe5 7. fxe5 Nd5 8. Nxd5 Qxd5 9. 0-0 Nc6 10. d3 Nxe5 11. Nxe5 Qxe5 12. Bf3 Ra7 13. Bc6+ Bd7 14. Bxd7+ Rxd7 15. Qf3 Qe6 16. Bd2 Qd5 17. Qf4 Qd4+ 18. Qxd4 Rxd4 19. Be3 Rd5 20. a4 b4 21. Rad1 e6 22. b3 Be7 23. d4 cxd4 24. Bxd4 Rxd4 25. Rxd4 Bc5 26. Rfd1 Ke7 27. Kf1 Bxd4 28. Rxd4 a5 29. Ke2 Rc8 30. Kd3 Rc3+ 31. Kd2 f5 32. Rh4 h6 33. g3 e5 34. Rc4 Rxc4 35. bxc4 Kd6 36. Ke3 Kc5 37. Kd3 e4+ 38. Ke3 g5 39. h3 Kxc4 0-1

[Event "Iraklio SOI op 7th"]
[Site "Iraklio"]
[Date "2013.01.03"]
[Round "2"]
[White "Koukoutsakis, Georgios"]
[Black "Fakidis, Simos"]
[Result "0-1"]
[WhiteElo "1005"]
[BlackElo "1463"]
[PlyCount "72"]
[EventDate "2013.01.02"]
[EventType "swiss"]
[EventRounds "7"]
[EventCountry "GRE"]
[SourceTitle "EXT 2024"]
[Source "ChessBase"]
[SourceDate "2023.10.10"]
[SourceVersion "1"]
[SourceVersionDate "2023.10.10"]
[SourceQuality "1"]

1. e4 c6 2. d4 d5 3. e5 Bf5 4. Bd3 Bxd3 5. Qxd3 e6 6. Nf3 Ne7 7. Nbd2 Nf5 8. Nb3 Nd7 9. g4 Ne7 10. Bg5 Qc7 11. 0-0-0 c5 12. Qc3 c4 13. Nbd2 Nc6 14. b3 Nb4 15. Kb2 Qb6 16. bxc4 Nd3+ 17. Ka1 Nxf2 18. cxd5 exd5 19. Rb1 Qa6 20. Rhf1 Nxg4 21. Rg1 Nf2 22. Rbf1 Nh3 23. Rg3 Nxg5 24. Nxg5 f6 25. e6 Nb6 26. Nf7 Rc8 27. Qb3 Rg8 28. Rc3 Nc4 29. Nxc4 Rxc4 30. Rxc4 dxc4 31. Qe3 Ba3 32. Rb1 Ke7 33. Qe4 Rb8 34. Qxh7 c3 35. Rb3 Qf1+ 36. Rb1 Bb2# 0-1

[Event "Mediterranean-ch U20 4th"]
[Site "Chania"]
[Date "2012.08.28"]
[Round "2"]
[White "Fakidis, Simos"]
[Black "Koutsogiannopoulou, Theodora"]
[Result "0-1"]
[WhiteElo "1443"]
[BlackElo "1897"]
[PlyCount "38"]
[EventDate "2012.08.28"]
[EventType "swiss"]
[EventRounds "9"]
[EventCountry "GRE"]
[SourceTitle "CBM 150 Extra"]
[Source "ChessBase"]
[SourceDate "2012.10.19"]
[SourceVersion "1"]
[SourceVersionDate "2012.10.19"]
[SourceQuality "1"]

1. e4 c5 2. Nc3 Nc6 3. f4 e6 4. Bb5 Nge7 5. Nf3 a6 6. Bxc6 Nxc6 7. 0-0 b5 8. a3 Be7 9. d3 0-0 10. Qe1 d5 11. e5 Bb7 12. Qg3 f6 13. Qh3 Qd7 14. Re1 Rae8 15. f5 Bc8 16. fxe6 Qxe6 17. Qg3 fxe5 18. Nxe5 Bd6 19. Bf4 Nxe5 0-1

[Event "Heraklion SOI op 5th"]
[Site "Heraklion"]
[Date "2012.04.20"]
[Round "5"]
[White "Despotakis, Vasilios"]
[Black "Fakidis, Simos"]
[Result "0-1"]
[WhiteElo "1824"]
[BlackElo "1411"]
[PlyCount "22"]
[EventDate "2012.04.17"]
[EventType "swiss"]
[EventRounds "7"]
[EventCountry "GRE"]
[SourceTitle "EXT 2024"]
[Source "ChessBase"]
[SourceDate "2023.10.10"]
[SourceVersion "1"]
[SourceVersionDate "2023.10.10"]
[SourceQuality "1"]

1. e4 d5 2. exd5 Qxd5 3. Nc3 Qa5 4. Bc4 Bf5 5. Nf3 Nf6 6. 0-0 e6 7. d4 c6 8. Bd2 Qc7 9. Re1 Bd6 10. Bg5 Nbd7 11. h3 h6 0-1

[Event "Heraklion SOI op 5th"]
[Site "Heraklion"]
[Date "2012.04.19"]
[Round "4"]
[White "Fakidis, Simos"]
[Black "Koumis, Filippos"]
[Result "1/2-1/2"]
[WhiteElo "1411"]
[BlackElo "1762"]
[PlyCount "90"]
[EventDate "2012.04.17"]
[EventType "swiss"]
[EventRounds "7"]
[EventCountry "GRE"]
[SourceTitle "EXT 2024"]
[Source "ChessBase"]
[SourceDate "2023.10.10"]
[SourceVersion "1"]
[SourceVersionDate "2023.10.10"]
[SourceQuality "1"]

1. e4 c5 2. Nc3 e6 3. f4 d5 4. Bb5+ Nc6 5. d3 a6 6. Bxc6+ bxc6 7. Nf3 Bd6 8. 0-0 Ne7 9. e5 Bb8 10. Ng5 h6 11. Nh3 Ba7 12. Kh1 a5 13. Bd2 Ba6 14. Qg4 Nf5 15. Rae1 g6 16. Qd1 c4 17. g4 cxd3 18. cxd3 Ng7 19. Rf3 h5 20. gxh5 Rxh5 21. Qa4 Bb7 22. Ng5 Nf5 23. Ne2 Bb6 24. Ng3 Nxg3+ 25. Rxg3 Bf2 26. Rg2 Bxe1 27. Bxe1 Qb6 28. d4 Qb5 29. Qxb5 cxb5 30. a3 b4 31. axb4 axb4 32. Bxb4 Ra1+ 33. Rg1 Ra4 34. Bc3 Rh4 35. Rf1 Ke7 36. Kg2 Rh8 37. Kg3 Rha8 38. Rc1 Ra1 39. Bb4+ Kd7 40. Rxa1 Rxa1 41. Nxf7 Ba6 42. Ng5 Bd3 43. Bc3 Bf5 44. Kf2 Rh1 45. Kg2 Rc1 1/2-1/2

[Event "Heraklion 3rd op A"]
[Site "Heraklion"]
[Date "2011.09.07"]
[Round "2"]
[White "Fakidis, Simos"]
[Black "Bahar Mosse, Iakov"]
[Result "0-1"]
[WhiteElo "1414"]
[BlackElo "1888"]
[PlyCount "114"]
[EventDate "2011.09.06"]
[EventType "swiss"]
[EventRounds "7"]
[EventCountry "GRE"]
[SourceTitle "EXT 2024"]
[Source "ChessBase"]
[SourceDate "2023.10.10"]
[SourceVersion "1"]
[SourceVersionDate "2023.10.10"]
[SourceQuality "1"]

1. e4 c5 2. c3 e6 3. d4 d5 4. exd5 exd5 5. Nf3 Nf6 6. Bg5 c4 7. b3 cxb3 8. Qxb3 Be7 9. Bb5+ Nc6 10. Ne5 Qd6 11. Bf4 Qe6 12. 0-0 0-0 13. Re1 Nxe5 14. Rxe5 Qd6 15. Bg3 Be6 16. Nd2 Qb6 17. Bd3 Qa5 18. Re2 Rfc8 19. c4 Bb4 20. Bf4 Bc3 21. Rb1 Bxd4 22. Qxb7 Qc3 23. Qb3 dxc4 24. Qxc3 Bxc3 25. Bc2 Bxd2 26. Rxd2 c3 27. Re2 Bc4 28. Ree1 Bxa2 29. Ra1 Be6 30. Ra3 a5 31. Re2 Bc4 32. Re1 Bb5 33. Be5 a4 34. Bxc3 Rc5 35. Bxf6 gxf6 36. Bb1 Rac8 37. Rg3+ Kh8 38. Rge3 Rc1 39. f3 Rxe1+ 40. Rxe1 Rc3 41. Ba2 Kg7 42. Rb1 Bd3 43. Rb2 a3 44. Rd2 Bc2 45. Kf2 Bb3 46. Ke2 f5 47. Ke1 f4 48. Ke2 Re3+ 49. Kf1 Kf6 50. Bxb3 Rxb3 51. Ra2 Ke5 52. Ke1 Kd4 53. Kd1 Kc3 54. Kc1 Kb4 55. Rd2 Re3 56. Kc2 Rc3+ 57. Kb1 Kb3 0-1

[Event "Heraklion op 6th"]
[Site "Heraklion"]
[Date "2010.08.22"]
[Round "1"]
[White "Sideris, Nikiforos"]
[Black "Fakidis, Simos"]
[Result "1-0"]
[WhiteElo "2182"]
[BlackElo "1030"]
[PlyCount "89"]
[EventDate "2010.08.22"]
[EventType "swiss"]
[EventRounds "9"]
[EventCountry "GRE"]
[SourceTitle "CBM 138 Extra"]
[Source "ChessBase"]
[SourceDate "2010.10.29"]
[SourceVersion "1"]
[SourceVersionDate "2010.10.29"]
[SourceQuality "1"]

1. e4 c5 2. Nf3 d6 3. d4 cxd4 4. Qxd4 Nc6 5. Bb5 Bd7 6. Bxc6 Bxc6 7. Nc3 Nf6 8. Bg5 e6 9. 0-0-0 e5 10. Qd3 h6 11. Bxf6 Qxf6 12. Nd5 Bxd5 13. Qxd5 Qe7 14. Qb5+ Kd8 15. Nxe5 Qc7 16. Rd3 a6 17. Qd5 Ke8 18. Nc4 Rc8 19. Ne3 Be7 20. Rc3 Qd7 21. Rxc8+ Qxc8 22. Nf5 Qc6 23. Nxg7+ Kf8 24. Qxc6 bxc6 25. Nf5 Bg5+ 26. Kb1 d5 27. exd5 cxd5 28. Rd1 f6 29. g3 h5 30. h4 Bh6 31. Rxd5 Kf7 32. c4 Bf8 33. a3 Ke6 34. b4 Rh7 35. Nd4+ Kf7 36. Rd7+ Kg8 37. Rxh7 Kxh7 38. c5 Kg6 39. Kc2 f5 40. f4 Kf6 41. Kd3 Be7 42. Kc4 Bd8 43. Kd5 Bc7 44. Kc6 Bd8 45. Kd7 1-0